แสดงรายละเอียดบรรณานุกรม
  กลับหน้าหลัก

Brief Record : Get Marc (ISO 2709) : E-mail record : QR code ปิดหน้าต่าง
E-books : เกี่ยวกับ Collections
LEADER 00000nam 2200000uu 4500
001    214058
003     ULIBM
008    020711s2564 th a 000 0 tha d
020    ^a97861640760501
041    ^atha^beng
060  4 ^aWC100 E53 2564
245    ^aEmerging and re-emerging infectious diseases "เชื้อโรครอบตัว"/^cบรรณาธิการ, รองพงศ์ โพล้งละ, วรพจน์ นิลรัตนกุล.
250    พิมพ์ครั้งที่ 1
260    ^aกรุงเทพฯ :^bสาขาวิชาโรคติดเชื้อ ภาควิชาอายุรศาสตร์ คณะแพทยศาสตร์ จุฬาลงกรณ์มหาวิทยาลัย,^c2564.
300    598 หน้า :^bภาพประกอบ ;^c26 ซม.
650  4 ^aโรคติดต่อ^xการวินิจฉัย
650  4 ^aโรคติดเชื้อ^xการรักษา
650  4 ^aโรคติดเชื้ออุบัติใหม่
650  4 ^aระบาดวิทยา
700 0  ^aรองพงศ์ โพล้งละ,^eบรรณาธิการ.
700 0  ^aวรพจน์ นิลรัตนกุล,^eบรรณาธิการ.
710 2  ^aจุฬาลงกรณ์มหาวิทยาลัย. คณะแพทยศาสตร์. ภาควิชาอายุรศาสตร์. สาขาวิชาโรคติดเชื้อ
999    ^aใช้งานได้ทุกระบบ
รายการนี้ยังไม่มีแท็ก
คุณยังไม่ได้ล็อกอิน คุณสามารถมีกิจกรรมร่วมกับเว็บไซต์ได้ แต่ต้องล็อกอินก่อน ::
  ล็อกอิน
ลำดับที่ ประเภท เลขเรียก สถานที่ สถานะ
1. การพยาบาล (ตำราหลัก)
การพยาบาล (ตำราหลัก)
WC100 E53 2564 ฉ.1 
  
การพยาบาลผู้ใหญ่ On Shelf
  ขอยืม
   [แสดง 1/1 รายการ]

รายการใกล้เคียง
    หัวเรื่อง [โรคติดต่อ การวินิจฉัย]
    หัวเรื่อง [ระบาดวิทยา]

BibComment


ยังไม่เคยถูกคอมเมนท์

คอมเมนท์ทรัพยากรรายการนี้
  คอมเมนท์: Emerging and ree..
Bib 214058

 
 
 

 Union Library Management : ULibM
Copyright 2026. All Rights Reserved.
скачать бесплатно без регистрации порно красивый секс HD Sex Hindi sex

xxx gou

xxxx

bfxxx

xxxwww

Секса Видео

xxxx

Секса Видео

detube

geilexxx

C99 Shell

worms shell

blod xxx video
Ebony Coed Rihanna Rimes Takes A Dick In Her Young Twat priyaa indian fuck anal and pusssy hardcore indian women xxx desi hardcore fucking part 1 bengalixxxcouple